Vista normal
Vista MARC
Entrada Materia (tema)
Número de registros utilizados en: 1
001 - CONTROL NUMBER
- control field: 183883
003 - CONTROL NUMBER IDENTIFIER
- control field: Co-BoUCM
005 - DATE AND TIME OF LATEST TRANSACTION
- control field: 20241129102439.0
008 - FIXED-LENGTH DATA ELEMENTS
- fixed length control field: 241129|| aca||aabn | a|a d
040 ## - CATALOGING SOURCE
- Original cataloging agency: Co-BoUCM
- Transcribing agency: Co-BoUCM
150 ## - HEADING--TOPICAL TERM
- Topical term or geographic name as entry element: Historia
- General subdivision: Aspectos sociales
- Geographic subdivision: Bogotá (Colombia)
670 ## - SOURCE DATA FOUND
- Source citation: Work cat.: (Co-BoUCM): Ruiz Patiño, Jorge Humberto 183881, Las desesperantes horas de ocio , 2021